Statistics for Countries with the 10 Largest Stadiums

Click here to take the quiz!

General Stats

  • This quiz has been taken 65 times
  • The average score is 8 of 10

Answer Stats

HintAnswer% Correct
Camp Nou
99,354
Spain
97%
Wembley Stadium
90,000
United Kingdom
97%
Rose Bowl
95,542
United States
97%
Melbourne Cricket Ground
100,024
Australia
93%
Estadio Azteca
87,525
Mexico
93%
Signal Iduna Park
81,365
Germany
85%
Borg El-Arab Stadium
86,000
Egypt
71%
Rungrado 1st of May Stadium
114,000
North Korea
54%
FNB Stadium
94,736
South Africa
44%
Bukit Jalil National Stadium
87,411
Malaysia
34%

Score Distribution

Percentile by Number Answered

Percent of People with Each Score

Your Score History

You have not taken this quiz